Travis Scott - ASTROWORLD (Tracklista) - Statystyki

Ogólne statystyki
  • Ten quiz został rozwiązany 143 razy
  • Średni wynik to 13 z 17
Statystyki odpowiedzi
Nr Nazwa utworu % Poprawnych
3 SICKO MODE
96%
1 STARGAZING
94%
11 ASTROTHUNDER
85%
15 BUTTERFLY EFFECT
82%
9 5% TINT
81%
17 COFFEE BEAN
80%
10 NC-17
78%
7 SKELETONS
78%
12 YOSEMITE
77%
2 CAROUSEL
75%
5 STOP TRYING TO BE GOD
72%
13 CAN'T SAY
71%
6 NO BYSTANDERS
70%
8 WAKE UP
69%
14 WHO? WHAT!
68%
16 HOUSTONFORNICATION
64%
4 R.I.P. SCREW
60%
Nie znaleziono quizów pasujących do podanych kryteriów
Rozkład punktacji
Procent ludzi z każdym wynikiem
Percentyl według liczby udzielonych odpowiedzi
Twoja historia wyników
Nie rozwiązałeś tego quizu